Mother Teresa / (Record no. 134146)

MARC details
000 -LEADER
fixed length control field 00736nam a22002537a 4500
003 - CONTROL NUMBER IDENTIFIER
control field dpl
005 - DATE AND TIME OF LATEST TRANSACTION
control field 20180522160537.0
008 - FIXED-LENGTH DATA ELEMENTS--GENERAL INFORMATION
fixed length control field 180522b xxu||||| |||| 00| 0 eng d
010 ## - LIBRARY OF CONGRESS CONTROL NUMBER
LC control number A-943806
020 ## - INTERNATIONAL STANDARD BOOK NUMBER
Terms of availability 600.00
International Standard Book Number 8170249686
035 ## - SYSTEM CONTROL NUMBER
System control number A-943806, A-943810
037 ## - SOURCE OF ACQUISITION
Source of stock number/acquisition Cen Lib/Ret
040 ## - CATALOGING SOURCE
Original cataloging agency DPL
Language of cataloging EN
Transcribing agency 0
082 ## - DEWEY DECIMAL CLASSIFICATION NUMBER
Classification number 921
Item number CHI
100 ## - MAIN ENTRY--PERSONAL NAME
Personal name Chitkara, M.G.
9 (RLIN) 2223
245 ## - TITLE STATEMENT
Title Mother Teresa /
Statement of responsibility, etc by M.G. Chitkara
260 ## - PUBLICATION, DISTRIBUTION, ETC. (IMPRINT)
Place of publication, distribution, etc New Delhi
Name of publisher, distributor, etc APH publishing corporation
Date of publication, distribution, etc 1998
270 ## - ADDRESS
City New Delhi
Address 5, Ansari road
Postal code 110002
300 ## - PHYSICAL DESCRIPTION
Extent xix,331p.
Dimensions 22cm(Hb)
500 ## - GENERAL NOTE
General note includes appendix and index
650 ## - SUBJECT ADDED ENTRY--TOPICAL TERM
Topical term or geographic name as entry element Biography
9 (RLIN) 7490
650 ## - SUBJECT ADDED ENTRY--TOPICAL TERM
Topical term or geographic name as entry element Social reformer
9 (RLIN) 9391
942 ## - ADDED ENTRY ELEMENTS (KOHA)
Source of classification or shelving scheme Dewey Decimal Classification
Koha item type English Books
Classification part 921
Call number suffix CHI
Holdings
Withdrawn status Lost status Damaged status Not for loan Collection code Home library Current library Date acquired Source of acquisition Cost, normal purchase price Total Checkouts Full call number Barcode Date last seen Copy number Cost, replacement price Price effective from Koha item type Source of classification or shelving scheme Date checked out
      Not For Loan Reference Central Library Central Library 29/07/2015 Cen Lib/Ret 600.00   921 CHI A-943806 29/07/2015 1 600.00 29/07/2015 English Books    
        Non-fiction Shahdara Branch Shahdara Branch 22/05/2018 BPPD/PUB 0.00 2 921 CHI A-943810 04/10/2025   0.00 22/05/2018 English Books Dewey Decimal Classification 18/09/2025

© Delhi Public Library
Hit Counter
free hit counter